| 000 | 00387nam a2200169Ia 4500 | ||
|---|---|---|---|
| 008 | 170705s9999 xx 000 0 und d | ||
| 020 | _a9780545414579 | ||
| 245 | 4 | _aThe wonderful book / | |
| 245 | _cLeonid Gore. | ||
| 260 | _aNew York : | ||
| 260 | _bScholastic, | ||
| 260 | _c2010 | ||
| 300 | _aunpaged : | ||
| 300 | _bcolor illustration ; | ||
| 300 | _c28cm. | ||
| 500 | _a390 | ||
| 999 |
_c335496 _d335496 |
||